000 00594nam a2200265Ia 4500
005 20260306164113.0
008 008 260114s9999 xx 000 0 eng d
020 _a9780231542616
037 _aEBOOK
040 _aCRL
040 _beng
040 _cCRL
041 _2eng
041 _aeng
084 _qCRL
100 _aFong
_91129203
245 0 _aDeath And Mastery
260 _bColumbia University Press
260 _c2017
650 _aPhilosophy
856 _uhttps://academic.oup.com/book/19946
942 _cEBOOK
999 _c1712765
_d1712765